[Event "Dubna Cup Rating-A"]
[Site "Dubna"]
[Date "2008.07.19"]
[Round "10"]
[White "Popov, Aleksander Xen"]
[Black "Anisimov, Nikolay M"]
[Result "0-1"]
[WhiteElo "2071"]
[BlackElo "2257"]
[PlyCount "61"]
[EventDate "2008.07.12"]
[EventType "tourn"]
[EventRounds "11"]
[EventCountry "RUS"]
[SourceTitle "EXT 2022"]
[Source "ChessBase"]
[SourceDate "2021.10.06"]
[SourceVersion "1"]
[SourceVersionDate "2021.10.06"]
[SourceQuality "1"]

1. e4 c5 2. Nf3 e6 3. d4 cxd4 4. Nxd4 Nc6 5. Nc3 a6 6. Be3 Nf6 7. Nxc6 bxc6 8. e5 Nd5 9. Nxd5 cxd5 10. Bd3 d6 11. exd6 Bxd6 12. Qg4 Qf6 13. 0-0 e5 14. Qg5 Qxg5 15. Bxg5 0-0 16. Rad1 Bc5 17. Rfe1 Bb7 18. c3 Rfe8 19. b4 Bd6 20. a3 Rac8 21. Rc1 e4 22. Bf1 Be5 23. Bd2 Re7 24. f4 Bf6 25. g4 Rec7 26. g5 Bxc3 27. Bh3 Bxd2 28. Bxc8 Rxc8 29. Rxc8+ Bxc8 30. Rb1 Bd7 31. Kf2 0-1

[Event "Dubna Cup Rating-A"]
[Site "Dubna"]
[Date "2008.07.16"]
[Round "7"]
[White "Zasypkin, Alexey"]
[Black "Popov, Aleksander Xen"]
[Result "1-0"]
[WhiteElo "2195"]
[BlackElo "2071"]
[PlyCount "73"]
[EventDate "2008.07.12"]
[EventType "tourn"]
[EventRounds "11"]
[EventCountry "RUS"]
[SourceTitle "EXT 2022"]
[Source "ChessBase"]
[SourceDate "2021.10.06"]
[SourceVersion "1"]
[SourceVersionDate "2021.10.06"]
[SourceQuality "1"]

1. d4 d5 2. c4 e6 3. Nf3 f5 4. g3 c6 5. Bg2 Bd6 6. 0-0 Nf6 7. b3 0-0 8. Bb2 Qe8 9. e3 Nbd7 10. Nc3 Ne4 11. Nd2 Ndf6 12. f3 Ng5 13. e4 dxe4 14. fxe4 Ng4 15. Nf3 Ne3 16. Qe2 Nxf1 17. Nxg5 Nxg3 18. hxg3 Bxg3 19. e5 Qg6 20. Nh3 Bd7 21. Rf1 Qh6 22. Bc1 Qh4 23. Qd3 f4 24. Ne2 f3 25. Rxf3 Rxf3 26. Qxf3 Bxe5 27. dxe5 Rf8 28. Qg3 Qe7 29. Bg5 Qc5+ 30. Be3 Qe7 31. Be4 Be8 32. Nef4 Kh8 33. Ng5 g6 34. Ngxe6 Rg8 35. Bc5 Qf7 36. Qg5 b6 37. Be7 1-0

[Event "Dubna Cup Rating-A"]
[Site "Dubna"]
[Date "2008.07.15"]
[Round "6"]
[White "Popov, Aleksander Xen"]
[Black "Kostin, Konstantin"]
[Result "0-1"]
[WhiteElo "2071"]
[BlackElo "2265"]
[PlyCount "98"]
[EventDate "2008.07.12"]
[EventType "tourn"]
[EventRounds "11"]
[EventCountry "RUS"]
[SourceTitle "EXT 2022"]
[Source "ChessBase"]
[SourceDate "2021.10.06"]
[SourceVersion "1"]
[SourceVersionDate "2021.10.06"]
[SourceQuality "1"]

1. e4 c5 2. g3 d5 3. f3 Nc6 4. Bg2 Nf6 5. d3 e5 6. Nc3 Be7 7. Nge2 d4 8. Nb1 0-0 9. 0-0 b5 10. b3 a5 11. f4 Ng4 12. f5 Bg5 13. Rf3 Be3+ 14. Bxe3 Nxe3 15. Qc1 f6 16. a3 c4 17. Nd2 Ba6 18. Nf1 cxd3 19. cxd3 Qd6 20. Nxe3 dxe3 21. Qxe3 b4 22. a4 Rfd8 23. Rd1 Rac8 24. Bf1 Rd7 25. g4 Nd4 26. Nxd4 Qxd4 27. Qxd4 Rxd4 28. g5 fxg5 29. f6 Rf8 30. Bh3 Rxf6 31. Rdf1 Rdd6 32. Bf5 g6 33. Be6+ Rfxe6 34. Rf8+ Kg7 35. R1f7+ Kh6 36. Rh8 g4 37. Rhxh7+ Kg5 38. h4+ gxh3 39. Rxh3 Rxd3 40. Rh8 Rc6 41. Rf2 Rcc3 42. Kh2 Rg3 43. Rd2 Bb7 44. Rf2 Rxb3 45. Re2 Rbc3 46. Rh7 Ba6 47. Rf2 b3 48. Rff7 b2 49. Rfg7 Rh3+ 0-1